Foursomes - Statistics

General Stats
  • This quiz has been taken 31 times
  • The average score is 25 of 44
Answer Stats
Group Foursome % Correct
Beatles John Lennon
100%
Beatles Paul McCartney
97%
Wizard of Oz Dorothy Gale
93%
Golden Girls Dorothy Zbornak
93%
Little Women Jo
93%
Beatles Ringo Starr
93%
Beatles George Harrison
90%
Teenage Mutant Ninja Turtles Michaelangelo
86%
Wizard of Oz The Scarecrow
86%
Wizard of Oz The Tin Man
86%
Teenage Mutant Ninja Turtles Donatello
83%
Led Zeppelin John Bonham
83%
Wizard of Oz The Cowardly Lion
83%
Seinfeld George Costanza
79%
Seinfeld Jerry Seinfeld
79%
Teenage Mutant Ninja Turtles Leonardo
79%
Teenage Mutant Ninja Turtles Raphael
79%
South Park Kenny McCormick
69%
Seinfeld Cosmo Kramer
66%
Seinfeld Elaine Benes
62%
Led Zeppelin Robert Plant
55%
Sex & The City Samantha Jones
55%
Golden Girls Blanche Devereaux
52%
Sex & The City Carrie Bradshaw
52%
South Park Eric Cartman
48%
Sex & The City Miranda Hobbes
45%
Golden Girls Rose Nylund
45%
Little Women Beth
38%
Led Zeppelin Jimmy Page
38%
Pac-Man Ghosts Pinky
38%
South Park Kyle Broflovski
34%
Golden Girls Sophia Petrillo
34%
Pac-Man Ghosts Blinky
31%
Sex & The City Charlotte York
31%
Ghostbusters Peter Venkman
31%
Little Women Amy
28%
Pac-Man Ghosts Inky
28%
Little Women Meg
28%
Led Zeppelin John Paul Jones
24%
Pac-Man Ghosts Clyde
21%
Ghostbusters Egon Spengler
21%
Ghostbusters Winston Zeddemore
21%
South Park Stan Marsh
17%
Ghostbusters Raymond Stantz
10%
No matching quizzes found
Score Distribution
Percent of People with Each Score
Percentile by Number Answered
Your Score History
You have not taken this quiz